000 00713nam a2200241 a 4500
001 55410
003 BD-RJUL
005 20211209080249.0
008 161117s1957 nyua b 001 0 eng
035 _a(BD-RJUL)55533
040 _aDLC
_cDLC
_dBD-RJUL
_beng
041 _aeng
082 0 0 _a150.287
_223
_bEDT 1957
100 1 _aEdwards, Allen Louis.
_9163361
245 1 0 _aTechniques of attitude scale construction /
_cAllen L. Edwards.
260 _aNew York :
_bAppleton-Century-Crofts,
_cc1957.
300 _axiii,256 p. :
_bill. ;
_c22 cm.
500 _aIncludes index.
650 0 _aPsychometrics.
_9124648
650 0 _aAttitude (Psychology)
_xTesting.
_9165059
942 _2ddc
_cBK
999 _c55410
_d55410